<?xml version="1.0" encoding="UTF-8"?>
<record
    xmlns:xsi="http://www.w3.org/2001/XMLSchema-instance"
    xsi:schemaLocation="http://www.loc.gov/MARC21/slim http://www.loc.gov/standards/marcxml/schema/MARC21slim.xsd"
    xmlns="http://www.loc.gov/MARC21/slim">

  <leader>01757nam a2200385 i 4500</leader>
  <controlfield tag="001">60874</controlfield>
  <controlfield tag="003">CO-BoRNBP</controlfield>
  <controlfield tag="005">20260504220526.0</controlfield>
  <controlfield tag="007">ta</controlfield>
  <controlfield tag="008">210809r20172011ck a   jr     001 0cspa d</controlfield>
  <datafield tag="020" ind1=" " ind2=" ">
    <subfield code="a">9789588969411</subfield>
  </datafield>
  <datafield tag="040" ind1=" " ind2=" ">
    <subfield code="a">CO-BoRNBP</subfield>
    <subfield code="b">spa</subfield>
    <subfield code="e">rda</subfield>
    <subfield code="c">CO-BoRNBP</subfield>
  </datafield>
  <datafield tag="041" ind1="1" ind2=" ">
    <subfield code="a">spa</subfield>
    <subfield code="h">fre</subfield>
  </datafield>
  <datafield tag="082" ind1="0" ind2="4">
    <subfield code="a">108</subfield>
    <subfield code="b">P26L</subfield>
    <subfield code="2">23</subfield>
  </datafield>
  <datafield tag="082" ind1="0" ind2="4">
    <subfield code="a">921</subfield>
    <subfield code="b">P26l</subfield>
    <subfield code="2">23</subfield>
  </datafield>
  <datafield tag="100" ind1="1" ind2=" ">
    <subfield code="a">P&#xE9;pin, Charles,</subfield>
    <subfield code="d">1973- ,</subfield>
    <subfield code="e">aut</subfield>
    <subfield code="9">66059</subfield>
  </datafield>
  <datafield tag="245" ind1="1" ind2="3">
    <subfield code="a">La liga de los fil&#xF3;sofos fant&#xE1;sticos /</subfield>
    <subfield code="c">Charles P&#xE9;pin ; ilustraciones de Julien Berjeaut ; traducci&#xF3;n de Alicia Martorell.</subfield>
  </datafield>
  <datafield tag="250" ind1=" " ind2=" ">
    <subfield code="a">Primera edici&#xF3;n.</subfield>
    <subfield code="b">Reimpresi&#xF3;n</subfield>
  </datafield>
  <datafield tag="264" ind1=" " ind2="1">
    <subfield code="a">Bogot&#xE1;, Colombia :</subfield>
    <subfield code="b">Rey Naranjo Editores,</subfield>
    <subfield code="c">2011,</subfield>
    <subfield code="c">2017.</subfield>
  </datafield>
  <datafield tag="300" ind1=" " ind2=" ">
    <subfield code="a">125 p&#xE1;ginas :</subfield>
    <subfield code="b">ilustraciones a color ;</subfield>
    <subfield code="c">24 cm.</subfield>
  </datafield>
  <datafield tag="336" ind1=" " ind2=" ">
    <subfield code="a">texto</subfield>
    <subfield code="b">txt</subfield>
    <subfield code="2">rdacontent</subfield>
  </datafield>
  <datafield tag="337" ind1=" " ind2=" ">
    <subfield code="a">sin mediaci&#xF3;n</subfield>
    <subfield code="b">n</subfield>
    <subfield code="2">rdamedia</subfield>
  </datafield>
  <datafield tag="338" ind1=" " ind2=" ">
    <subfield code="a">volumen</subfield>
    <subfield code="b">nc</subfield>
    <subfield code="2">rdacarrier</subfield>
  </datafield>
  <datafield tag="490" ind1="0" ind2=" ">
    <subfield code="a">Colecci&#xF3;n Grandes Ligas</subfield>
  </datafield>
  <datafield tag="500" ind1=" " ind2=" ">
    <subfield code="a">Incluye &#xED;ndice onom&#xE1;stico.</subfield>
  </datafield>
  <datafield tag="500" ind1=" " ind2=" ">
    <subfield code="a">Incluye datos biogr&#xE1;ficos del autor y del ilustrador.</subfield>
  </datafield>
  <datafield tag="520" ind1="1" ind2=" ">
    <subfield code="a">Este es un libro de divulgaci&#xF3;n at&#xED;pico (de la colecci&#xF3;n Grandes Ligas) sobre los fil&#xF3;sofos m&#xE1;s importantes de la historia. Su tono fresco y humor&#xED;stico, as&#xED; como las vi&#xF1;etas protagonizadas por cada fil&#xF3;sofo, permiten que el lector se acerque a la esencia de la filosof&#xED;a, los pensadores y sus ideas. (Tomado de la fuente).</subfield>
  </datafield>
  <datafield tag="521" ind1="1" ind2=" ">
    <subfield code="a">Recomendado para un p&#xFA;blico mayor de 12 a&#xF1;os.</subfield>
  </datafield>
  <datafield tag="650" ind1="1" ind2="7">
    <subfield code="a">Fil&#xF3;sofos</subfield>
    <subfield code="v">Biografias</subfield>
    <subfield code="v">Tiras c&#xF3;micas, historietas, etc.</subfield>
    <subfield code="2">lemb</subfield>
    <subfield code="9">69665</subfield>
  </datafield>
  <datafield tag="650" ind1="1" ind2="7">
    <subfield code="a">Filosof&#xED;a</subfield>
    <subfield code="x">Historia</subfield>
    <subfield code="2">lemb</subfield>
    <subfield code="9">62885</subfield>
  </datafield>
  <datafield tag="650" ind1="1" ind2="7">
    <subfield code="a">Educaci&#xF3;n</subfield>
    <subfield code="x">Filosof&#xED;a</subfield>
    <subfield code="2">lemb</subfield>
    <subfield code="9">64762</subfield>
  </datafield>
  <datafield tag="700" ind1="1" ind2=" ">
    <subfield code="a">Berjeaut, Julien,</subfield>
    <subfield code="d">1973- ,</subfield>
    <subfield code="e">ill</subfield>
    <subfield code="9">69666</subfield>
  </datafield>
  <datafield tag="700" ind1="1" ind2=" ">
    <subfield code="a">Martorell, Alicia,</subfield>
    <subfield code="d">1957- ,</subfield>
    <subfield code="e">trl</subfield>
    <subfield code="9">69667</subfield>
  </datafield>
  <datafield tag="942" ind1=" " ind2=" ">
    <subfield code="2">ddc</subfield>
    <subfield code="c">BK</subfield>
    <subfield code="n">0</subfield>
  </datafield>
  <datafield tag="999" ind1=" " ind2=" ">
    <subfield code="c">60874</subfield>
    <subfield code="d">60874</subfield>
  </datafield>
  <datafield tag="952" ind1=" " ind2=" ">
    <subfield code="0">0</subfield>
    <subfield code="1">0</subfield>
    <subfield code="2">ddc</subfield>
    <subfield code="4">0</subfield>
    <subfield code="7">0</subfield>
    <subfield code="8">012</subfield>
    <subfield code="a">MEMAPJGA</subfield>
    <subfield code="b">MEMAPJGA</subfield>
    <subfield code="c">GEN</subfield>
    <subfield code="d">2026-05-04</subfield>
    <subfield code="l">0</subfield>
    <subfield code="o">921 P26I</subfield>
    <subfield code="p">MPJG01269</subfield>
    <subfield code="r">2026-05-04 22:06:38</subfield>
    <subfield code="t">Ej.1</subfield>
    <subfield code="w">2026-05-04</subfield>
    <subfield code="y">BK</subfield>
  </datafield>
</record>
